000 00676nam a22002177a 4500
005 20170124110251.0
010 _aB-228763
020 _c150.00
_a8188951064
035 _aB-228763
037 _bCen Lib/Ret
040 _aDPL
_bEN
082 _a004
_bGBD
110 _aNew Delhi.GBD Books
_998112
245 _aGBD second course in computer science and information technology /
260 _aNew Delhi
_bGBD Books
_c2005
270 _bNew Delhi
_a16, Ansari Road, Darya Ganj
_e110002
300 _avarious pagings :
_c23cm(pbk)
_bill.
650 _aComputer science.
_998970
650 _aInformation technology
_998971
942 _2ddc
_cEN
_h004
_mGBD
999 _c135874
_d135874